ბათუმის შოთა რუსთაველის სახელმწიფო უნივერსიტეტის ბიბლიოთეკა

თურქეთის შეიარაღებული ძალები (ბიბ.ჩანაწერი № 34496)

000 -LEADER
fixed length control field 00695nam a2200217Ia 4500
001 - CONTROL NUMBER
control field 245
003 - CONTROL NUMBER IDENTIFIER
control field GE_BSU
008 - FIXED-LENGTH DATA ELEMENTS--GENERAL INFORMATION
fixed length control field 181216s||||||||xx |||||||||||||| ||und||
040 ## - CATALOGING SOURCE
Transcribing agency GE_BSU
080 ## - UNIVERSAL DECIMAL CLASSIFICATION NUMBER
Universal Decimal Classification number 355.1(560)
100 ## - MAIN ENTRY--PERSONAL NAME
Personal name ბატიაშვილი,ზურაბ
245 ## - TITLE STATEMENT
Title თურქეთის შეიარაღებული ძალები
245 ## - TITLE STATEMENT
Statement of responsibility, etc. რედ: წათე ბაწაში
260 ## - PUBLICATION, DISTRIBUTION, ETC.
Place of publication, distribution, etc. თბილისი
260 ## - PUBLICATION, DISTRIBUTION, ETC.
Date of publication, distribution, etc. 2000
300 ## - PHYSICAL DESCRIPTION
Extent 104 გვ.
653 ## - INDEX TERM--UNCONTROLLED
Uncontrolled term თურქეთის შეიარაღებული ძალები
653 ## - INDEX TERM--UNCONTROLLED
Uncontrolled term სამხედრო საქმე
942 ## - ADDED ENTRY ELEMENTS (KOHA)
Koha item type წიგნი
ეგზემპლარები
Withdrawn status Lost status Damaged status Not for loan Date acquired Barcode Date last seen Price effective from Koha item type
        2018-12-17 1259 2018-12-17 2018-12-17 წიგნი